Republic of Latvia : 2006 Article IV Consultation-Staff Report; Public Information Notice on the Executive Board Discussion; and Statement by the Executive Director for the Republic of Latvia.

The Latvian economy has made remarkable strides, combining macroeconomic stability with rapid income convergence. An upfront policy tightening is needed to contain near-term overheating and secure a soft landing. Fiscal restraint is needed to counter the sizable demand stimulus already in play. Mode...

Повний опис

Бібліографічні деталі
Співавтор: International Monetary Fund
Формат: Журнал
Мова:English
Опубліковано: Washington, D.C. : International Monetary Fund, 2006.
Серія:IMF Staff Country Reports; Country Report ; No. 2006/353
Онлайн доступ:Full text available on IMF
LEADER 01779cas a2200241 a 4500
001 AALejournalIMF004521
008 230101c9999 xx r poo 0 0eng d
020 |c 5.00 USD 
020 |z 9781451824582 
022 |a 1934-7685 
040 |a BD-DhAAL  |c BD-DhAAL 
110 2 |a International Monetary Fund. 
245 1 0 |a Republic of Latvia :   |b 2006 Article IV Consultation-Staff Report; Public Information Notice on the Executive Board Discussion; and Statement by the Executive Director for the Republic of Latvia. 
264 1 |a Washington, D.C. :  |b International Monetary Fund,  |c 2006. 
300 |a 1 online resource (58 pages) 
490 1 |a IMF Staff Country Reports 
500 |a <strong>Off-Campus Access:</strong> No User ID or Password Required 
500 |a <strong>On-Campus Access:</strong> No User ID or Password Required 
506 |a Electronic access restricted to authorized BRAC University faculty, staff and students 
520 3 |a The Latvian economy has made remarkable strides, combining macroeconomic stability with rapid income convergence. An upfront policy tightening is needed to contain near-term overheating and secure a soft landing. Fiscal restraint is needed to counter the sizable demand stimulus already in play. Moderating credit growth is essential to relieve overheating pressures. Risks from the credit boom and delayed euro adoption reinforce the need for a strong regulatory and supervisory framework for banks. Safeguarding competitiveness while narrowing the wage gap requires scaling the technology ladder. 
538 |a Mode of access: Internet 
830 0 |a IMF Staff Country Reports; Country Report ;  |v No. 2006/353 
856 4 0 |z Full text available on IMF  |u http://elibrary.imf.org/view/journals/002/2006/353/002.2006.issue-353-en.xml  |z IMF e-Library